| 000 | 00780nam a2200241 i 4500 | ||
|---|---|---|---|
| 001 | 17014 | ||
| 003 | ES-MaACL | ||
| 005 | 20250905133301.0 | ||
| 007 | t| | ||
| 008 | 001214s1982 sp ||||1| spa d | ||
| 020 | _a84-339-3021-4 | ||
| 080 | _a821.111(73)-32"19" | ||
| 100 | 1 |
_aWelty, Eudora. _9116471 |
|
| 245 | 1 | 4 |
_aUna cortina de follaje y otros relatos / _cEudora Welty ; traducción de J. M. Alvarez Flórez y Angela Pérez. |
| 260 |
_aBarcelona : _bAnagrama, _c[1982] |
||
| 300 |
_a219 p. ; _c20 cm. |
||
| 490 | 1 |
_aPanorama de narrativas ; _v21 |
|
| 700 | 1 |
_aÁlvarez Flórez, José Manuel. _920809 |
|
| 700 | 1 |
_aPérez Gómez, Ángela _990555 |
|
| 830 | 0 | 0 |
_aPanorama de narrativas _v21 _9123642 |
| 852 |
_aES-MaACL _jL-24031 _bR.129090 |
||
| 999 |
_c17014 _d17014 |
||